Culture Générale #2 - Statistiques

Statistiques générales
  • Ce quiz a été pris 196 fois
  • Le résultat moyen est 5 sur 13
Statistiques - réponses
Question Réponse % Correct
À quel pays d'Amérique appartiennent les Îles Galapagos ? Équateur
66%
Célèbre Pharaon mort à l'âge de 18 ans. Toutankhâmon
63%
Auteur de la Divine Comédie. Dante
53%
En quelle année a eu lieu le Premier Tour de France ? 1903
51%
Qui fut le premier Empereur Romain ? Auguste
51%
Auteur du Roman "L'assommoir". Émile Zola
47%
Lac le plus profond au monde. Lac Baïkal
46%
Art de contrôler le feu. (La....) Pyrotechnie
35%
Premier Explorateur à passer par le Cap de Bonne-Espérance. Vasco de Gama
32%
Région du monde où serait né,selon la Bible le Christ. Judée
28%
Bataille de Gergovie. -52
21%
Album de Tintin resté inachevé. (Tintin et....) L'alph'art
17%
En quelle année la Bretagne est définitivement rattachée à la France ? 1532
8%
Aucun quiz correspondant
Distribution des résultats
% des personnes avec chaque résultat
Percentile par nombre de réponses
Votre historique - résultats
Vous n’avez pas pris ce quiz